000 00388nam a2200157Ia 4500
008 230711s9999||||xx |||||||||||||| ||und||
041 _aENG
082 _a720
_bDA-M
100 _aDagostino,Frank R
245 0 _aMechanical and electrical system in buildings
250 _a1st
260 _c1981
_aNew Delhi
_bReston Publication
300 _a390
650 _aArchitecture
942 _cBK
999 _c1961
_d1961